Opening Day Lineups: Miami Marlins - Statistics

General Stats
  • This quiz has been taken 407 times
    85 since last reset
  • The average score is 40 of 80
Answer Stats
# Starts Answer % Correct
7 Giancarlo Stanton
93%
4 Christian Yelich
83%
1 José Fernández
83%
5 Sandy Alcantara
80%
3 Dee Gordon
78%
3 Gaby Sánchez
75%
2 Jesús Sanchez
75%
4 Marcell Ozuna
75%
1 Nick Gordon
75%
3 Hanley Ramírez
73%
1 Harold Ramírez
73%
4 Brian Anderson
70%
2 J.T. Realmuto
70%
1 Tim Anderson
70%
1 Dan Uggla
68%
2 Luis Arráez
65%
1 Xavier Edwards
65%
3 Jazz Chisholm Jr.
63%
3 Josh Johnson
63%
3 Justin Bour
63%
1 Kyle Stowers
60%
5 Garrett Cooper
58%
1 Juan Pierre
58%
3 Martin Prado
58%
2 Bryan De La Cruz
55%
1 José Reyes
55%
2 Nick Fortes
53%
5 Adeiny Hechavarria
50%
1 Garrett Jones
50%
1 Jake Burger
50%
3 Jesús Aguilar
50%
2 Jorge Alfaro
50%
1 Josh Bell
50%
1 Otto Lopez
50%
3 Starlin Castro
50%
2 Jacob Stallings
48%
1 Mike Morse
48%
1 Placido Polanco
48%
1 Edinson Vólquez
45%
1 Griffin Conine
45%
1 Jesús Luzardo
45%
5 Miguel Rojas
45%
3 Chris Coghlan
43%
1 Cody Ross
43%
2 Jarrod Saltalamacchia
43%
2 Jorge Soler
43%
2 Lewis Brinson
43%
2 Omar Infante
43%
1 Starling Marte
43%
1 Wei-Yin Chen
43%
2 Avisaíl García
40%
1 Cameron Maybin
40%
1 Casey McGehee
40%
1 Donovan Solano
40%
1 Emilio Bonifacio
40%
1 Isan Diaz
40%
2 Logan Morrison
40%
1 Adam Duvall
38%
2 Derek Dietrich
38%
1 Henderson Alvarez
38%
2 Jose Urena
38%
1 Matt Mervis
38%
1 Jean Segura
35%
1 Jeff Baker
35%
2 John Buck
35%
1 Jonah Bride
35%
1 Jonathan Villar
35%
1 Jorge Cantu
35%
1 Ricky Nolasco
35%
1 Chad Wallach
33%
2 Joey Wendle
33%
1 Ronny Paulino
33%
1 Casey Kotchman
30%
2 Corey Dickerson
30%
1 Derek Hill
30%
1 Rob Brantly
30%
1 Donnie Murphy
28%
1 Francisco Cervelli
28%
1 Graham Pauley
28%
1 Rosell Herrera
28%
No matching quizzes found
Score Distribution
Percent of People with Each Score
Percentile by Number Answered
Your Score History
You have not taken this quiz since the last reset